000 00531nam a2200205Ia 4500
005 20250505145729.0
008 008 250505s9999 xx 000 0 eng d
037 _aTextbook
040 _aFML
_bhin
_cFML
041 _ahin
_2hin
084 _aNR44 R2
_qFML
100 _aGorang, Sangeeta
_9754293
245 0 _aSangeet Marg Darshika
260 _aNew Delhi
_bAvni Publication
_c2022
300 _a127p
365 _aINR
_b395
650 _aMusic
942 _cTB
_hNR44 R2
999 _c1311654
_d1311654